[Event "Grand Prix Jerusalem 2019"]
[Site "Jerusalem"]
[Date "2019.12.13"]
[Round "1.3"]
[White "Vachier-Lagrave, Maxime"]
[Black "Topalov, Veselin"]
[Result "1-0"]
[WhiteElo "2780"]
[BlackElo "2737"]
[Annotator "TA"]
[PlyCount "63"]
[EventDate "2019.12.11"]
[EventType "k.o."]
[EventCountry "ISR"]
[SourceTitle "playchess.com"]
[Source "ChessBase"]
[SourceQuality "1"]

{[%evp 16,63,28,-5,0,0,0,0,0,0,0,-2,0,0,0,0,0,0,26,18,21,15,10,16,37,30,54,55,92,98,184,179,184,183,176,167,125,102,607,582,1000,941,1069,1018,1151,1151,1095,1067,1232,1184]} 1. e4 e5 2. Nf3 Nc6 3. Bb5 Nf6 4. O-O Nxe4 5. d4 Nd6 6. Bxc6 dxc6 7. dxe5 Nf5 8. Qxd8+ Kxd8 9. h3 Bd7 {C67: Ruy Lopez: Berlin Defence: 4 0-0 Nxe4} 10. Rd1 Be7 11. g4 Nh4 {The position is equal.} 12. Nxh4 Bxh4 13. Nd2 Kc8 14. Nf3 Be7 15. Bg5 $36 {[%mdl 2048] White has some pressure.} Bc5 16. Rd3 {[#] And now Rad1 would win.} b6 $146 (16... Be6 {is more complex.} 17. Be3 Bxe3 18. Rxe3 h5 19. Nd4 Kd7) ({Predecessor:} 16... Be6 17. Be3 Bxe3 18. Rxe3 {½-½ (33) Leko,P (2737)-Adams,M (2743) Dortmund 2014}) 17. Be3 Bxe3 18. Rxe3 h6 19. Rd1 c5 20. Nh4 g5 21. Nf5 {Strongly threatening Ne7+.} Bxf5 22. gxf5 $14 {[%mdl 4096] Endgame KRR-KRR} Kb7 (22... Rd8 $16 23. Ree1 Rxd1 24. Rxd1 Kb7) 23. Kg2 $18 Rad8 {[#]} 24. Rxd8 $1 Rxd8 {KR-KR} 25. Kf3 c4 26. Re4 b5 $2 {[%mdl 8192]} (26... Kc8 $16) 27. Kg4 {White is clearly winning.} Kc8 {and if ...Rd2 works, Black does fine.} 28. e6 fxe6 29. fxe6 Rh8 30. Kf5 Kd8 31. e7+ Ke8 32. Kg6 {Accuracy: White = 98%, Black = 22%.} 1-0

[Event "Grand Prix Jerusalem 2019"]
[Site "Jerusalem"]
[Date "2019.12.13"]
[Round "1.3"]
[White "Mamedyarov, Shakhriyar"]
[Black "Jakovenko, Dmitry"]
[Result "1-0"]
[WhiteElo "2772"]
[BlackElo "2698"]
[Annotator "TA"]
[PlyCount "62"]
[EventDate "2019.12.11"]
[EventType "k.o."]
[EventCountry "ISR"]
[SourceTitle "playchess.com"]
[Source "ChessBase"]
[SourceQuality "1"]

{[%evp 9,62,20,20,8,21,20,21,21,10,10,6,16,9,9,29,0,6,-2,6,0,0,0,41,22,35,8,50,46,45,66,66,47,64,59,110,104,118,82,152,152,137,133,229,230,210,170,169,134,145,116,325,322,339,333,331]} 1. d4 Nf6 2. c4 e6 3. Nf3 d5 4. Nc3 Be7 5. Bf4 O-O 6. a3 {D37: Queen's Gambit Declined: 5 Bf4} (6. e3 Nbd7 7. Be2 dxc4 8. O-O c5 9. dxc5 Nxc5 10. Bxc4 Qxd1 11. Rfxd1 b6 12. Bd6 Bxd6 13. Rxd6 Bb7 14. Rad1 Bxf3 15. gxf3 Rfc8 16. Be2 g5 17. R6d4 Kf8 18. f4 gxf4 19. Rxf4 {1-0 (67) Ding,L (2811)-Firouzja,A (2702) Khanty-Mansiysk 2019}) 6... Nbd7 7. Nb5 Ne8 $1 8. e3 {The position is equal.} dxc4 9. Bxc4 a6 10. Nc3 b5 11. Be2 c5 12. O-O $146 ({Predecessor:} 12. dxc5 Nxc5 13. Qxd8 Bxd8 {0-1 (21) Bellmann,H (2474)-Lushnikov,A (2261) ICCF email 2015}) 12... Bb7 13. d5 exd5 $1 14. Nxd5 Bd6 15. a4 $36 {[%mdl 2048] Black is under pressure.} c4 16. Bg5 f6 17. Bh4 Nc5 {[#] Threatens to win with ...g5.} (17... Kh8 {looks sharper.} 18. Nc3 b4 19. Nd5 Rc8 20. Rc1 Ne5) 18. axb5 axb5 {...Rxa1 is the strong threat.} 19. Nc3 Rxa1 20. Qxa1 Bxf3 21. gxf3 Qb8 (21... Qb6 $14) 22. Bg3 $16 Bxg3 23. hxg3 Nd6 (23... Qb6 $142) 24. Qa5 Kh8 25. Rd1 Nd3 (25... Rc8 $16 {was worth a try.} 26. Nd5 Rd8) 26. Bxd3 $18 cxd3 27. Qb4 (27. Rxd3 $6 Nc4) 27... Nc4 28. f4 ({Much less strong is} 28. Rxd3 Ne5 $16) ({Don't do} 28. Qxb5 $6 Qxb5 29. Nxb5 Nxb2 $14) 28... Rd8 29. b3 (29. Qxb5 $6 Qxb5 30. Nxb5 Nxb2 $11) 29... Nb6 $2 {[#]} (29... Na3 $16) 30. Qxb5 ({Don't play} 30. Nxb5 h6 $18) 30... d2 31. Ne4 Rd5 {Accuracy: White = 80%, Black = 54%.} 1-0

[Event "Grand Prix Jerusalem 2019"]
[Site "Jerusalem"]
[Date "2019.12.13"]
[Round "1.3"]
[White "Giri, Anish"]
[Black "Wei, Yi"]
[Result "1/2-1/2"]
[WhiteElo "2769"]
[BlackElo "2725"]
[Annotator "TA"]
[PlyCount "50"]
[EventDate "2019.12.11"]
[EventType "k.o."]
[EventCountry "ISR"]
[SourceTitle "playchess.com"]
[Source "ChessBase"]
[SourceQuality "1"]

{[%evp 28,50,34,27,38,26,30,0,0,0,0,0,0,0,0,0,42,42,41,0,23,0,0,0,7]} 1. d4 Nf6 2. c4 g6 3. Nc3 d5 4. cxd5 Nxd5 5. e4 Nxc3 6. bxc3 Bg7 7. Bc4 c5 8. Ne2 Nc6 9. Be3 O-O 10. O-O Na5 11. Bd3 b6 12. Rc1 cxd4 13. cxd4 e6 14. Qd2 Bb7 15. h4 Qd7 {D88: Exchange Grünfeld: Classical Line: 10 Be3 cxd4 11 cxd4} (15... Qe7 16. h5 Rfc8 17. e5 Rxc1 18. Rxc1 Rc8 19. Rxc8+ Bxc8 20. Bg5 Qc7 21. Bf6 Nc6 22. Qg5 h6 23. Qc1 {1-0 (35) Carlsen,M (2690)-Ivanchuk,V (2750) Morelia/Linares 2007}) 16. h5 Rfc8 17. h6 Bf8 18. Bg5 Rxc1 19. Rxc1 Rc8 20. Rxc8 Qxc8 21. Ng3 Nc6 (21... Nc4 $5 {[%cal Rc4d2]} 22. Qc3 Nd6 $11) 22. Bf6 $146 ({Predecessor:} 22. Bb5 Nb4 23. a3 {½-½ (32) Erdos,V (2425)-Banas,J (2383) Pula 2003}) 22... Nb8 23. Bg5 Nc6 24. Bf6 Nb8 25. Bg5 Nc6 {Accuracy: White = 65%, Black = 78%.} 1/2-1/2

[Event "Grand Prix Jerusalem 2019"]
[Site "Jerusalem"]
[Date "2019.12.13"]
[Round "1.3"]
[White "Nepomniachtchi, Ian"]
[Black "Gelfand, Boris"]
[Result "1-0"]
[WhiteElo "2767"]
[BlackElo "2684"]
[Annotator "TA"]
[PlyCount "85"]
[EventDate "2019.12.11"]
[EventType "k.o."]
[EventCountry "ISR"]
[SourceTitle "playchess.com"]
[Source "ChessBase"]
[SourceQuality "1"]

{[%evp 12,87,31,32,35,29,30,29,31,28,25,6,43,39,53,0,0,-1,36,23,23,18,12,-51,-57,-89,29,0,0,6,4,0,40,14,24,20,18,14,87,80,77,74,79,88,144,158,212,186,199,60,60,60,58,62,83,119,257,238,331,295,352,338,293,245,639,431,1688,772,6507,2589,29975,29974,29973,29976,29976,29972,5377,2144]} 1. e4 c5 2. Nf3 Nc6 3. Nc3 e5 4. Bc4 Be7 5. d3 d6 6. Nd2 Nf6 7. Nf1 Nd7 {B30: Sicilian: 2...Nc6 3 Bb5, lines without ...g6} 8. Nd5 Nb6 9. Nxb6 axb6 {White has an edge.} 10. c3 $146 (10. Ne3 Bg5 11. O-O O-O 12. a4 Kh8 13. Nd5 Bxc1 14. Qxc1 f5 15. exf5 Bxf5 {0-1 (39) Jakovenko,D (2704)-Alekseenko,K (2668) Izhevsk 2019}) 10... O-O {[#]} 11. h4 $1 {[%mdl 512]} b5 ({Avoid the trap} 11... Bxh4 $2 12. Qh5 $18) 12. Bxb5 d5 13. Ne3 (13. exd5 $14 Qxd5 {[%mdl 64] Double Attack} 14. Ne3) 13... d4 $11 14. Nd5 f5 15. Bc4 Kh8 16. Qh5 Be6 17. Bg5 (17. Nxe7 $11 Qxe7 18. Bxe6 Qxe6 19. exf5 Rxf5 20. Qg4) 17... Bf7 $15 18. Qf3 f4 ({Black should play} 18... fxe4 $1 $17 19. Qxe4 Bg6) 19. Nxe7 (19. Qg4 {feels hotter.} Qd6 20. a4 Bd8 21. Bxd8 Raxd8 22. h5) 19... Nxe7 20. Bxf7 Rxf7 21. Qh5 $36 {[%mdl 2048] White is pushing.} Rf8 22. O-O Qd6 {Threatens to win with ...Nc6.} 23. Bxe7 Qxe7 24. cxd4 {Hoping for d5.} cxd4 (24... f3 $1 $11) 25. Rfc1 $16 f3 26. Qg5 $1 {[%cal Rg5e7]} ({Much worse is} 26. gxf3 Rf4 $11) 26... Rf6 {[#]} 27. g3 $1 Qd7 (27... h6 $142 28. Qg4 Kh7) 28. Kh2 Re8 (28... Qd6 $16 {is a better defense.} 29. Qg4 Qb4) 29. Rc5 $18 h6 30. Qc1 ({White has to play} 30. Qh5 $18) 30... g5 $1 $14 {[%cal Rg5h4] Black wants to play ...gxh4.} 31. h5 $1 (31. hxg5 hxg5 32. Kg1 Qh3 33. Qf1 Qh5 34. Rxe5 Rxe5 35. Rc1 Rh6 36. Qg2 fxg2 37. Rc8+ Kg7 38. Rc7+ Kf6 39. Rc6+ bxc6 40. f4 Qh1+ 41. Kf2 Qf1#) 31... Qf7 32. g4 Rf4 $1 {[%cal Rf4g4]} 33. Qg1 Qd7 {[#]} (33... Qe6 $16 34. Kh3 Qa6) 34. Kh3 $1 $18 b6 35. Rc4 Qb5 36. b3 Ref8 37. Rac1 Qa5 $2 (37... R4f6 38. Qd1 Qd7) 38. R1c2 R8f7 (38... Qa3 $142 39. Qc1 Qxc1 40. Rxc1 Kg7) 39. Rc6 (39. Qc1 $142 Qb5 40. Rc8+ Kg7 41. R2c6 Qxd3 42. Rg6+ Kh7 43. Rcc6 Qxe4 44. Rxh6+ Kg7 45. Rxb6) 39... Kh7 40. Qc1 b5 41. Re6 Qd8 42. Rcc6 R4f6 43. Rc8 {Played: Re6xf6} 1-0

[Event "Grand Prix Jerusalem 2019"]
[Site "Jerusalem"]
[Date "2019.12.13"]
[Round "1.3"]
[White "Wang, Hao"]
[Black "Navara, David"]
[Result "1/2-1/2"]
[WhiteElo "2756"]
[BlackElo "2707"]
[Annotator "TA"]
[PlyCount "168"]
[EventDate "2019.12.11"]
[EventType "k.o."]
[EventCountry "ISR"]
[SourceTitle "playchess.com"]
[Source "ChessBase"]
[SourceQuality "1"]

{[%evp 12,168,13,11,8,0,11,12,21,8,22,0,0,0,0,-7,0,0,0,-79,-25,-39,-29,-24,-34,-32,17,15,22,17,14,0,24,10,14,0,0,0,0,0,10,21,31,31,33,27,42,0,0,0,0,0,0,0,0,0,0,0,0,0,0,-2,-4,-2,0,0,0,-2,0,0,0,0,0,0,0,0,0,0,0,0,6,0,0,0,8,0,0,0,8,8,8,8,8,8,8,0,8,0,8,8,8,8,8,0,8,0,0,-8,-8,-8,-8,-8,8,0,8,-8,-8,-14,-14,-14,-14,-14,-14,-14,-14,-14,-14,-14,-14,-14,-14,-14,-14,-14,-14,-14,-14,-14,-14,-14,-14,-14,-14,-14,-14,-14,-14,-14,-14,-14,-14,-14,-14,-14,-14,-14,-14,-14,-14]} 1. e4 e5 2. Nf3 Nc6 3. Bc4 Bc5 4. d3 Nf6 5. O-O O-O 6. Nbd2 d6 7. c3 a5 {C54: Giuoco Piano: 4 c3 Nf6, main lines with 5 d4 and 5 d3} 8. h3 h6 9. Re1 a4 (9... Be6 10. Bb5 Qb8 11. Nf1 Qa7 12. d4 exd4 13. Bxc6 dxc3 14. Ba4 Bxf2+ 15. Kh2 Bxe1 16. Qxe1 {½-½ (60) Alekseenko,K (2671)-Ding,L (2811) Khanty-Mansiysk 2019}) 10. Nf1 Ra5 11. a3 (11. Ng3 {feels hotter.} b5 12. b4 axb3 13. Bxb3 Be6 14. Rb1) 11... Be6 $146 ({Predecessor:} 11... Re8 12. Ng3 Bb6 13. Be3 Bxe3 14. fxe3 Be6 15. Bxe6 fxe6 16. Rf1 {½-½ (29) Areshchenko,A (2677)-Deac,B (2572) Minsk 2017}) 12. Bxe6 fxe6 13. d4 Bb6 14. Ng3 Qe8 15. Nd2 (15. Rb1 $11 {keeps the balance.}) 15... d5 ({Better is} 15... exd4 $17 16. Nc4 {[#]} dxc3 $1 {[%mdl 512]} 17. Nxb6 cxb6) 16. exd5 $11 exd5 17. Nf3 {[%cal Rf3e5]} e4 18. Nh4 Qd7 19. f3 exf3 20. Nxf3 Raa8 21. Qc2 Rae8 (21... Qd6 $5 {[%cal Rd6g3]} 22. Qf5 Ne7 $11) 22. Bd2 Qd6 23. Nf5 Qd7 24. Ng3 Qd6 25. Nf5 Qd7 26. Nxh6+ gxh6 27. Bxh6 Ne4 {White must now prevent ...Rf6.} 28. Bxf8 Rxf8 29. Rxe4 dxe4 {The position is equal.} 30. Qxe4 Qf5 31. Qe2 Rf7 32. Qc4 Kg7 33. Rf1 Ne7 34. Nd2 Qg6 35. Qxa4 Rxf1+ 36. Nxf1 c5 37. Qd7 {[%mdl 64] [#] Double Attack} Kf8 38. Qxb7 cxd4 39. Qf3+ Qf5 (39... Ke8 {seems wilder.} 40. cxd4 Bxd4+ 41. Kh1 Bxb2 42. Qa8+ Kf7) 40. Qxf5+ Nxf5 41. cxd4 Bxd4+ 42. Kh2 Bxb2 43. a4 Be5+ 44. g3 Ke7 45. Kg2 Kd6 46. Kf3 Kd5 47. Kg4 Nd6 48. h4 Ne4 49. h5 Kc5 50. h6 Kd5 51. a5 Ke6 52. a6 Bd4 $1 53. Kh5 {Kg6 is the strong threat.} Kf7 54. g4 {Strongly threatening g5.} Nf6+ 55. Kg5 {White wants to play Kf5.} Ne4+ 56. Kf5 Nd6+ 57. Kg5 {Hoping for Ng3.} Ne4+ 58. Kh5 {And now g5 would win.} Nf6+ 59. Kh4 $132 {[%mdl 2048] White puts up resistance} Kg6 60. Ng3 Bf2 61. Kh3 Kxh6 62. Kg2 Ba7 63. Kf3 Kg6 64. Ne4 Ne8 65. Nc3 Nc7 66. Ke4 Kg5 67. Nd5 Nxa6 68. Kd3 Nc5+ 69. Kc4 Kxg4 70. Kb5 Nd7 71. Nb6 Ne5 72. Ka6 Bb8 73. Kb7 Bd6 74. Nd7 Ng6 75. Kc6 Ba3 76. Kd5 Kf5 77. Nc5 Ne7+ 78. Kc4 Kf4 79. Nd3+ Ke3 80. Nb4 Ke4 81. Na2 Nf5 82. Nc3+ Ke5 83. Kd3 Nd6 84. Nd1 Bc5 {Accuracy: White = 67%, Black = 74%.} 1/2-1/2

[Event "Grand Prix Jerusalem 2019"]
[Site "Jerusalem"]
[Date "2019.12.11"]
[Round "1.3"]
[White "Yu, Yangyi"]
[Black "So, Wesley"]
[Result "1/2-1/2"]
[WhiteElo "2738"]
[BlackElo "2760"]
[Annotator "TA"]
[PlyCount "44"]
[EventDate "2019.12.11"]
[EventType "k.o."]
[EventCountry "ISR"]
[SourceTitle "playchess.com"]
[Source "ChessBase"]
[SourceQuality "1"]

{[%evp 15,44,12,9,14,6,9,8,17,14,19,12,5,5,0,5,6,5,12,14,-13,-13,-15,-12,-5,-12,-13,-10,-18,0,0,0]} 1. d4 Nf6 2. c4 e6 3. Nf3 d5 4. Nc3 Be7 5. g3 O-O 6. Bg2 dxc4 7. Ne5 c5 8. dxc5 Qxd1+ {The position is equal.} 9. Nxd1 {E06: Closed Catalan: Early deviations} Bxc5 10. Nc3 Nc6 11. Nxc4 Nd5 12. Nxd5 $146 ({Predecessor:} 12. Bd2 Rd8 13. Rc1 b6 14. Nxd5 exd5 15. Na5 Nxa5 16. Bxa5 Rd7 {½-½ (33) Sarana,A (2618)-Leko,P (2669) Moscow 2018}) 12... exd5 13. Bxd5 Nb4 14. Be3 Be7 15. Be4 $1 Be6 16. Na3 Bxa2 17. Nb5 Bc4 18. Nd4 Bd5 19. Bxd5 Nxd5 20. Nf5 Bb4+ 21. Bd2 Rfd8 {[#] White must now prevent ...Bxd2+.} 22. O-O-O Rac8+ {Accuracy: White = 72%, Black = 85%.} 1/2-1/2

[Event "Grand Prix Jerusalem 2019"]
[Site "Jerusalem"]
[Date "2019.12.13"]
[Round "1.3"]
[White "Wojtaszek, Radoslaw"]
[Black "Andreikin, Dmitry"]
[Result "1/2-1/2"]
[WhiteElo "2725"]
[BlackElo "2724"]
[Annotator "TA"]
[PlyCount "71"]
[EventDate "2019.12.11"]
[EventType "k.o."]
[EventCountry "ISR"]
[SourceTitle "playchess.com"]
[Source "ChessBase"]
[SourceQuality "1"]

{[%evp 12,71,18,20,10,14,9,10,8,4,28,4,5,13,0,0,4,26,44,34,38,42,41,37,108,99,111,108,94,74,79,83,85,86,98,77,60,0,0,0,0,0,0,0,0,0,0,0,0,0,0,0,0,0,0,0,0,0,0,0,0,0]} 1. d4 e6 2. c4 Nf6 3. Nf3 d5 4. Nc3 Be7 5. Bf4 O-O 6. e3 Nbd7 7. Be2 dxc4 {D37: Queen's Gambit Declined: 5 Bf4} 8. O-O c5 9. dxc5 Bxc5 10. Bxc4 a6 11. Ng5 $146 ({Predecessor:} 11. Bd6 Bxd6 12. Qxd6 Nb6 13. Qxd8 Rxd8 14. Be2 Bd7 15. Ne5 {½-½ (27) Dreev,A (2653)-Sargissian,G (2677) chess.com INT 2018}) 11... b5 12. Bxe6 fxe6 13. Nxe6 {[%mdl 64] [#] Double Attack} Qe8 14. Nxf8 Bxf8 15. Bd6 $1 Bb7 16. Bxf8 Nxf8 17. a4 b4 ({Black should play} 17... Rb8 $14) 18. Qb3+ $16 Ne6 {[%cal Bf8e6,Be6g5,Bg5h3][%mdl 32] [#] And now ...Qc6 would win.} 19. Qxb4 Rb8 {...Bxg2! is the strong threat.} 20. Qc4 Rc8 21. Qb3 Rb8 22. Qc2 Ng5 23. Rae1 Bf3 24. Qf5 (24. Ne2 $1 $14) 24... Qh5 $11 {Strongly threatening ...Rf8.The position is equal.} 25. h4 $1 Qxh4 {aiming for ...Ng4.} 26. Qf4 $1 {[%cal Rf4h4]} ({Don't go for} 26. gxf3 $2 g6 $19) 26... Nh3+ 27. gxh3 Qxh3 {[%csl Gf3][%cal Rh3h1]} 28. Qxb8+ Kf7 {[%csl Gf3][%cal Rh3h1]} 29. Qc7+ Kg8 {[%csl Gf3][%cal Rh3h1]} 30. Qb8+ Kf7 {[%csl Gf3][%cal Rh3h1]} 31. Qh2 Qg4+ 32. Qg3 Qh5 {[%csl Gf3][%cal Rh5h1]} 33. Qc7+ Kg8 {[%csl Gf3][%cal Rh5h1]} 34. Qh2 Qg5+ 35. Qg3 Qh5 {[%csl Gf3][%cal Rh5h1]} 36. Qh2 {Accuracy: White = 80%, Black = 76%.} 1/2-1/2

[Event "Grand Prix Jerusalem 2019"]
[Site "Jerusalem"]
[Date "2019.12.13"]
[Round "1.3"]
[White "Harikrishna, Pentala"]
[Black "Karjakin, Sergey"]
[Result "1/2-1/2"]
[WhiteElo "2724"]
[BlackElo "2754"]
[Annotator "TA"]
[PlyCount "119"]
[EventDate "2019.12.11"]
[EventType "k.o."]
[EventCountry "ISR"]
[SourceTitle "playchess.com"]
[Source "ChessBase"]
[SourceQuality "1"]

{[%evp 15,119,3,17,14,20,0,0,0,0,0,10,0,3,6,0,0,2,7,41,34,29,30,29,29,34,29,31,41,24,10,10,19,24,21,19,10,23,19,27,16,41,41,49,41,41,40,49,49,50,0,0,0,0,0,0,0,0,0,0,-62,0,0,0,-104,0,-159,-8,-8,-8,-8,0,-191,-183,-181,-175,-194,-88,-88,0,0,0,0,0,-8,-8,-365,-8,-8,-8,-8,-8,-8,-8,-8,0,-8,0,-8,-8,-8,0,-8,0,0,0,0]} 1. d4 Nf6 2. c4 e6 3. g3 d5 4. Bg2 Be7 5. Nf3 O-O 6. Nc3 {[%cal Bb1c3,Bc3d1,Bd1e3,Be3c4,Bc4a5,Ba5b7][%mdl 32]} dxc4 7. Ne5 c5 8. dxc5 Qxd1+ 9. Nxd1 {E06: Closed Catalan: Early deviations} Bxc5 10. Ne3 {[#]} c3 $1 {[%mdl 512]} 11. bxc3 Nbd7 12. Nd3 Rb8 13. Nc4 b6 14. Bf4 Bb7 {[#]} 15. Bxb7 $146 ({Predecessor:} 15. Bxb8 Bxg2 16. Bd6 Bxh1 17. Bxf8 Kxf8 {½-½ (98) Vidit,S (2707)-Dominguez Perez,L (2750) Hengshui 2019}) 15... Rxb7 16. Rb1 {White wants to play Na5!} Nd5 {[#]} 17. Na5 $1 {[%cal Ra5b7][%mdl 576] [#] Pin} Nxf4 $1 {[%mdl 512]} (17... bxa5 18. Rxb7) 18. Nxb7 (18. Nxf4 Rc7) 18... Nxd3+ 19. exd3 Be7 20. c4 {[%cal Bc3c4,Bc4c5][%mdl 32]} Rb8 21. c5 $1 Ne5 22. f4 Nxd3+ 23. Ke2 Rxb7 24. Kxd3 Bxc5 $11 {[%mdl 4096] Endgame KRR-KRB} 25. Rhd1 Kf8 26. Kc4 Ke7 27. Kb5 a5 28. Kc6 {[%mdl 1024] White has compensation.} Ra7 29. a4 h5 30. Rd3 Kf6 31. Rd8 Kf5 32. Rxb6 (32. Re1 $5 {[%cal Re1e5]}) 32... Bxb6 33. Kxb6 $14 {KR-KR} Re7 34. Ra8 f6 {With the idea ...e5.} 35. Rxa5+ e5 {Threatening ...Kg4.} 36. fxe5 fxe5 {aiming for ...Kg4.} 37. Kc6 (37. Rc5 $11) 37... Re6+ (37... Kf6 $1 $15 38. Rc5 e4) 38. Kd5 $11 Re8 39. Kc4 (39. Rb5 $11) 39... Ke4 (39... Kg4 $1 $17 {White must now prevent ...e4.} 40. Kd3 Kf3) 40. Kc3 $2 (40. Rb5 $11) 40... Rc8+ $2 (40... Ke3 $1 $17 41. Ra7 e4) 41. Kd2 $1 Rc4 42. Ra8 Rd4+ 43. Kc2 $2 (43. Kc3 $11 {and White is okay.}) 43... Ke3 $19 44. a5 e4 45. a6 Rd6 (45... Rd7 $1 $19 46. Re8 (46. a7 Rf7 $11) 46... Rc7+ 47. Kd1 Ra7) 46. Kc3 {[#]} Ke2 ({Better is} 46... Rf6 $1 $17) 47. Re8 Rxa6 {Hoping for ...e3.} 48. Rxe4+ Kf3 49. Re5 g6 50. Rg5 $2 {[%mdl 8192] [#]} (50. Kc4 $11) 50... Rd6 $2 (50... Kg2 $1 $19 {[%cal Rg2h2]} 51. Kb2 Kxh2) 51. h4 $1 $11 {The position is equal.} Ra6 52. Kd2 Kg2 53. Ke2 Re6+ 54. Kd2 Kf3 55. Kd1 Ra6 56. Kd2 Rc6 57. Kd3 Rd6+ 58. Kc2 Ke3 59. g4 Rc6+ 60. Kb3 {Accuracy: White = 60%, Black = 47%.} 1/2-1/2

[Event "Grand Prix Jerusalem 2019"]
[Site "Jerusalem"]
[Date "2019.12.11"]
[Round "1.4"]
[White "Nepomniachtchi, Ian"]
[Black "Gelfand, Boris"]
[Result "1/2-1/2"]
[WhiteElo "2767"]
[BlackElo "2684"]
[Annotator "TA"]
[PlyCount "19"]
[EventDate "2019.12.11"]
[EventType "k.o."]
[EventCountry "ISR"]
[SourceTitle "playchess.com"]
[Source "ChessBase"]
[SourceQuality "1"]

{[%evp 10,19,20,18,35,0,0,0,-4,-6,-2,-11]} 1. e4 c5 2. Nf3 Nc6 3. Nc3 e5 4. Bc4 Be7 5. d3 d6 6. Nd2 Nf6 {B30: Sicilian: 2...Nc6 3 Bb5, lines without ...g6} 7. Nd5 $146 ({Predecessor:} 7. Nf1 Nd7 8. Nd5 Nb6 9. Nxb6 axb6 10. Ne3 Bg5 11. O-O O-O 12. a4 Kh8 13. Nd5 Bxc1 14. Qxc1 f5 15. exf5 Bxf5 {0-1 (39) Jakovenko,D (2704)-Alekseenko,K (2668) Izhevsk 2019}) 7... O-O {The position is equal.} 8. Nf1 Nxd5 9. Bxd5 Be6 10. Ne3 1/2-1/2

[Event "Grand Prix Jerusalem 2019"]
[Site "Jerusalem"]
[Date "2019.12.13"]
[Round "1.4"]
[White "Karjakin, Sergey"]
[Black "Harikrishna, Pentala"]
[Result "1/2-1/2"]
[WhiteElo "2754"]
[BlackElo "2724"]
[Annotator "TA"]
[PlyCount "74"]
[EventDate "2019.12.11"]
[EventType "k.o."]
[EventCountry "ISR"]
[SourceTitle "playchess.com"]
[Source "ChessBase"]
[SourceQuality "1"]

{[%evp 14,74,11,13,18,6,21,21,31,31,20,26,25,0,19,0,20,0,0,0,0,0,0,0,15,21,21,0,0,-18,-14,-22,-15,-24,-7,-8,-7,-3,-12,-9,-7,-9,-12,-14,0,0,0,0,0,0,0,0,0,0,0,0,0,0,0,-1,0,0,0]} 1. e4 e5 2. Nf3 Nc6 3. Bc4 Bc5 4. c3 Nf6 5. d3 O-O 6. O-O d6 7. h3 h6 8. Re1 a6 {C54: Giuoco Piano: 4 c3 Nf6, main lines with 5 d4 and 5 d3} 9. a4 Ba7 10. Nbd2 Re8 11. b4 Be6 12. Bxe6 Rxe6 13. Bb2 $146 (13. Nf1 Qd7 14. Be3 Bxe3 15. Nxe3 d5 {1-0 (53) Vachier Lagrave,M (2774)-Aronian,L (2758) Khanty-Mansiysk 2019}) 13... Qd7 14. Nf1 Rd8 15. Ng3 d5 16. Qc2 b5 17. axb5 axb5 18. Rad1 dxe4 19. dxe4 Rd6 {[%cal Rd6d1]} 20. Rxd6 cxd6 21. Bc1 d5 22. exd5 Qxd5 23. Be3 {With the idea Bxa7.} e4 (23... Bb8 {is more complex.} 24. Rc1 e4 25. Nd4 Bxg3 26. fxg3 Nxd4 27. Bxd4 Qc4) 24. Nxe4 {The position is equal.} Qxe4 25. Qxe4 Nxe4 26. Bxa7 Nxc3 27. Bc5 Na4 28. Be3 Nxb4 29. Rb1 Nc2 {And now ...b4 would win.} 30. Rxb5 Nxe3 31. fxe3 $11 {[%mdl 4096] Endgame KRN-KRN} Nc3 32. Rb3 Ne4 33. Rb4 Re8 34. Rd4 g6 35. Kf1 Kg7 36. Ke2 f5 37. Nd2 Nxd2 {Accuracy: White = 71%, Black = 52%.} 1/2-1/2

[Event "Grand Prix Jerusalem 2019"]
[Site "Jerusalem"]
[Date "2019.12.13"]
[Round "1.4"]
[White "Topalov, Veselin"]
[Black "Vachier-Lagrave, Maxime"]
[Result "0-1"]
[WhiteElo "2737"]
[BlackElo "2780"]
[Annotator "TA"]
[PlyCount "80"]
[EventDate "2019.12.11"]
[EventType "k.o."]
[EventCountry "ISR"]
[SourceTitle "playchess.com"]
[Source "ChessBase"]
[SourceQuality "1"]

{[%evp 17,80,13,21,0,6,0,22,0,31,27,27,27,37,39,48,33,39,29,36,37,34,40,32,29,24,6,0,0,10,16,36,37,42,12,59,59,65,84,82,36,53,23,24,15,12,17,6,0,0,0,0,-10,-16,-28,-33,-172,-173,-394,-405,-414,-411,-668,-656,-918,-847]} 1. e4 c5 2. Nf3 d6 3. d4 cxd4 4. Nxd4 Nf6 5. Nc3 a6 6. Be3 Ng4 7. Bc1 Nf6 8. Be2 e5 9. Nb3 Be7 10. Nd2 {B92: Sicilian Najdorf: 6 Be2} (10. O-O O-O 11. Bf3 Be6 12. a4 Nbd7 13. Be3 Nb6 14. Nd2 Rc8 15. a5 Nc4 16. Nxc4 Rxc4 17. Qd2 Qc7 18. h3 Rc8 19. Rfd1 h6 20. Qe1 Qc6 21. Nd5 Bxd5 22. exd5 {1-0 (48) Caruana,F (2819)-Vachier Lagrave,M (2775) Paris 2019}) 10... Nc6 11. Nc4 Nd4 $146 ({Predecessor:} 11... Be6 12. Ne3 Nd4 13. O-O O-O 14. Bd3 Rc8 15. Ncd5 Nc6 16. c3 Nb8 17. Bc2 Nbd7 {0-1 (38) Piliposyan,R (1975)-Murzin,V (2306) Riga 2018}) 12. Bd3 {The position is equal.} Bg4 13. f3 Be6 14. Ne3 O-O 15. O-O Nd7 16. Ncd5 Bg5 17. c3 Nc6 18. Kh1 Rc8 19. Nc4 Bxc1 20. Rxc1 Nf6 21. Nce3 Bxd5 22. exd5 Ne7 23. c4 a5 24. Qd2 Nd7 25. Bb1 Nc5 26. f4 exf4 27. Rxf4 Ng6 28. Rff1 Qg5 29. Qf2 (29. Rf5 $5 {[%cal Rf5g5]} Qh4 30. Rff1 $14 (30. Qxa5 Rfe8 $14)) 29... Ne5 30. h4 Qd8 {[#] aiming for ...Ned3.} 31. Qg3 g6 32. Nf5 Kh8 $36 {[%mdl 2048] Black is more active.} 33. Nd4 f5 34. b3 Qf6 35. Rcd1 Rce8 36. a3 {[#]} (36. Kg1 $15) 36... Ng4 $1 $19 37. Nxf5 $2 (37. b4 Ne3 38. Qf4 Nxd1 39. Rxd1) 37... gxf5 38. Rxf5 Qg7 39. Rg5 (39. Rf3 $142 Nxb3 40. Bf5) 39... Nf2+ {[%mdl 64] Double Attack} 40. Kh2 Qh6 {Accuracy: White = 30%, Black = 72%.} 0-1